|
|
|
|
| LEADER |
00956nam a2200241 a 4500 |
| 001 |
13449195 |
| 008 |
091010s2005 maua b 001 0 eng d |
| 010 |
|
|
|a 2004040987
|
| 020 |
|
|
|a 0205401503 (casebound)
|
| 040 |
|
|
|a DLC
|c DLC
|d DLC
|
| 082 |
0 |
0 |
|a 364.36/0973
|2 22
|
| 100 |
1 |
|
|a Bynum, Jack E.
|
| 245 |
1 |
0 |
|a Juvenile delinquency :
|b a sociological approach /
|c Jack E. Bynum, William E. Thompson.
|
| 250 |
|
|
|a 6th ed.
|
| 260 |
|
|
|a Boston :
|b Allyn and Bacon,
|c c2005.
|
| 300 |
|
|
|a xxiv, 536 p. :
|b ill. ;
|c 24 cm.
|
| 504 |
|
|
|a Includes bibliographical references and indexes.
|
| 541 |
1 |
|
|e 00017380
|
| 650 |
|
0 |
|a Juvenile delinquency
|z United States.
|
| 700 |
1 |
|
|a Thompson, William E.
|q (William Edwin),
|d 1950-
|
| 852 |
4 |
|
|a Ayesha Abed Library
|j General shelf
|
| 999 |
|
|
|c 4636
|d 4636
|
| 952 |
|
|
|0 0
|1 0
|2 ddc
|4 0
|6 364_360973000000000_BYN_2005
|7 0
|9 4421
|a BRACUL
|b BRACUL
|c GEN
|d 2009-10-18
|g 695.00
|l 1
|m 5
|o 364.360973 BYN
|p 3010017380
|r 2016-05-09
|s 2016-03-10
|t 1
|w 2009-10-18
|y BK
|